LEADER 00941nam a2200253 i 4500 001 991001874129707536 005 20020508183129.0 008 000220s1950 fr ||| | fre 035 $ab10925636-39ule_inst 035 $aPARLA150352$9ExL 040 $aDip.to Filosofia$bita 082 0 $a128.4 100 1 $aBlondel, Maurice$0159167 245 12$aL'action (1893) :$bessai d'une critique de la vie et d'une science de la pratique 260 $aParis :$bPresses Universitaires de France,$c1950 300 $aXXV, 495 p. ;$c23 cm 490 0 $aBibliothèque de philosophie contemporaine 500 $aRipr. facs. dell'ed.: Parigi, 1893 907 $a.b10925636$b23-02-17$c28-06-02 912 $a991001874129707536 945 $aLE005IF XXV C 4$g1$i2005000102554$lle005$o-$pE0.00$q-$rl$s- $t0$u1$v0$w1$x0$y.i11029869$z28-06-02 996 $aAction (1893)$9920093 997 $aUNISALENTO 998 $ale005$b01-01-00$cm$da $e-$ffre$gfr $h2$i1 LEADER 00988nam2-2200301---450 001 990005715520403321 005 20251120104254.0 035 $a000571552 035 $aFED01000571552 035 $a(Aleph)000571552FED01 100 $a19990604d1912----km-y0itay50------ba 101 0 $aita$alat 105 $ay-------001yy 200 1 $a<<7.: Le >>carte di Molfetta, 1076-1309$fper Francesco Carabellese 210 $aBari$c[V. Vecchi]$d1912 215 $aXLV, 242 p.$d31 cm 461 0$1001000571494$12001$aCodice diplomatico barese$fedito a cura della Commissione Provinciale di Archeologia e Storia Patria$v7 610 0 $aPuglia$aStoria$aFonti archivistiche$aSec. 12.-13. 676 $a091 676 $a945.751 702 1$aCarabellese,$bFrancesco$f<1873-1909> 801 0$aIT$bUNINA$gRICA$2UNIMARC 901 $aBK 912 $a990005715520403321 952 $a7/III F 49$bbibl.18992$fFLFBC 959 $aFLFBC 996 $aCarte di Molfetta, 1076-1309$9574265 997 $aUNINA